| 000 | 00000nam##2200000za#4500 |
| 001 | 9.697148 |
| 003 | CaOODSP |
| 005 | 20210624235343 |
| 007 | cr ||||||||||| |
| 008 | 150407|1991||||xxc|||||o f|0| 0 eng|d |
| 040 | |aCaOODSP|beng |
| 043 | |an-cn--- |
| 086 | 1 |aCS92-N0004/1991E-PDF |
| 245 | 00|a1991 Census - form SK-4 interviewer reference guide and reasons why questions are asked - soup-kitchen questionnaire (form 3B) |h[electronic resource] |
| 260 | |aOttawa - Ontario : |bStatistics Canada |c1991. |
| 500 | |aHistorical census publication digitized by Statistics Canada. |
| 590 | |a13-04-Supp|b2013-02-13 |
| 690 | 07|aCensus|2gcpds |
| 710 | 2 |aStatistics Canada. |
| 775 | 08|tFormule SK-4 du recensement de 1991 guide de référence des interviewers et raisons pour lesquelles les questions sont posées - questionnaire des soupes populaires (3B) |w(CaOODSP)9.641216 |
| 856 | 40|ahttp://publications.gc.ca|qPDF|s187 KB|uhttps://publications.gc.ca/collections/collection_2013/statcan/rh-hc/CS92-N0004-1991-eng.pdf |